| 000 | 00400cam a2200157ua 4500 | ||
|---|---|---|---|
| 041 |
_aeng _h |
||
| 082 |
_a425 _bMAL/GR |
||
| 100 | _aMallery, Richard Dq . | ||
| 245 |
_aGrammer,Rhetorei and composition / _cRichard D Mallery. _hTextual Documents |
||
| 250 |
_a1 / _b. |
||
| 260 |
_aNew York : _bBarnes & Noble , _c1959. |
||
| 300 | _a354 ; . | ||
| 504 | _a | ||
| 942 | _cBK | ||
| 999 |
_c12456 _d12456 |
||